000 00547nam a2200157Ia 4500
008 210716s2017 xx 000 0 und d
020 _a9789392135110
041 _aeng
082 _a158.39 GROA
100 _aGrosse, Alexander; Lofteness, David.
245 _aScaling teams: strategies for building successful team and organizations.
_bstrategies for building successful team and organizations.
250 _a1
260 _aNew Delhi
_bShroff Publications and Distributers Pvt Ltd
_c2017
300 _axiii,265
650 _aGeneral Knowledge
999 _c195880
_d195880